[Event "DVM U14 2019"]
[Site "Magdeburg GER"]
[Date "2019.12.30"]
[Round "7"]
[White "Garner, Isaac"]
[Black "Bildat, Emilia"]
[Result "1-0"]
[Termination "normal"]
[Board "1.2"]
[WhiteElo "2040"]
[BlackElo "1754"]
[WhiteClock "00:25:00"]
[BlackClock "00:22:40"]
[WhiteTeam "Hamburger SK"]
[BlackTeam "SC Turm Lüneburg e.V."]
[PlyCount "63"]
[WhiteFideId "16239261"]
[BlackFideId "16218140"]
[EventCountry "GER"]
[EventRounds "7"]
[EventType "team-swiss"]
[EventDate "2019.12.26"]

1. e4 {[%clk 1:30:56]} c5 {[%clk 1:30:49]} 2. Nf3 {[%clk 1:31:18]} g6 {[%clk
1:31:03]} 3. d4 {[%clk 1:31:38]} cxd4 {[%clk 1:31:17]} 4. Nxd4 {[%clk 1:31:58]}
Bg7 {[%clk 1:31:27]} 5. c4 {[%clk 1:32:16]} Nc6 {[%clk 1:31:30]} 6. Be3 {[%clk
1:32:38]} Nf6 {[%clk 1:31:27]} 7. Nc3 {[%clk 1:33:01]} O-O {[%clk 1:31:27]} 8.
Be2 {[%clk 1:33:23]} d6 {[%clk 1:31:25]} 9. f3 {[%clk 1:33:39]} Bd7 {[%clk
1:31:22]} 10. Qd2 {[%clk 1:34:00]} Nxd4 {[%clk 1:31:11]} 11. Bxd4 {[%clk
1:34:23]} Bc6 {[%clk 1:31:22]} 12. O-O-O {[%clk 1:34:05]} Nd7 {[%clk 1:29:37]}
13. h4 {[%clk 1:24:50]} Re8 {[%clk 1:13:52]} 14. h5 {[%clk 1:19:41]} f6 {[%clk
1:08:44]} 15. hxg6 {[%clk 1:06:55]} hxg6 {[%clk 1:09:03]} 16. Rh2 {[%clk
1:06:47]} Qc7 {[%clk 1:03:50]} 17. Rdh1 {[%clk 0:58:08]} Kf7 {[%clk 0:59:46]}
18. f4 {[%clk 0:54:55]} Rh8 {[%clk 0:51:59]} 19. f5 {[%clk 0:51:56]} g5 {[%clk
0:42:39]} 20. Bh5+ {[%clk 0:47:39]} Kg8 {[%clk 0:38:46]} 21. Qe2 {[%clk
0:45:36]} Nf8 {[%clk 0:35:55]} 22. c5 {[%clk 0:32:41]} d5 {[%clk 0:32:05]} 23.
exd5 {[%clk 0:31:25]} Be8 {[%clk 0:31:15]} 24. d6 {[%clk 0:27:19]} Bxh5 {[%clk
0:27:27]} 25. Qc4+ {[%clk 0:27:26]} Bf7 {[%clk 0:27:39]} 26. Rxh8+ {[%clk
0:27:38]} Bxh8 {[%clk 0:28:03]} 27. Rxh8+ {[%clk 0:25:40]} Kxh8 {[%clk
0:28:17]} 28. Qxf7 {[%clk 0:26:05]} Qc6 {[%clk 0:25:28]} 29. Qxe7 {[%clk
0:25:22]} Nd7 {[%clk 0:23:12]} 30. Bxf6+ {[%clk 0:24:50]} Nxf6 {[%clk 0:23:33]}
31. Qxf6+ {[%clk 0:25:15]} Kh7 {[%clk 0:22:40]} 32. Qf7+ {[%clk 0:25:00]} 1-0

[Event "DVM U14 2019"]
[Site "Magdeburg GER"]
[Date "2019.12.30"]
[Round "7"]
[White "Zeuner, Ole"]
[Black "Gutewort, Paul Emil"]
[Result "1-0"]
[Termination "normal"]
[Board "2.1"]
[WhiteElo "1794"]
[BlackElo "1714"]
[WhiteClock "00:17:01"]
[BlackClock "00:03:42"]
[WhiteTeam "Schachzwerge Magdeburg"]
[BlackTeam "Schachfreunde Nordost Berlin"]
[PlyCount "55"]
[WhiteFideId "12943576"]
[BlackFideId "16204182"]
[EventCountry "GER"]
[EventRounds "7"]
[EventType "team-swiss"]
[EventDate "2019.12.26"]

1. e4 {[%clk 1:30:58]} g6 {[%clk 1:30:56]} 2. d4 {[%clk 1:31:23]} Bg7 {[%clk
1:31:21]} 3. Nc3 {[%clk 1:31:48]} d6 {[%clk 1:31:44]} 4. Be3 {[%clk 1:32:05]}
a6 {[%clk 1:32:10]} 5. h4 {[%clk 1:32:07]} h5 {[%clk 1:32:34]} 6. Qd2 {[%clk
1:32:29]} b5 {[%clk 1:31:45]} 7. f3 {[%clk 1:32:53]} Nd7 {[%clk 1:32:11]} 8.
Nh3 {[%clk 1:33:13]} Bb7 {[%clk 1:32:05]} 9. Ng5 {[%clk 1:33:29]} e6 {[%clk
1:32:27]} 10. Ne2 {[%clk 1:26:36]} Nb6 {[%clk 1:27:58]} 11. Ng3 {[%clk
1:20:31]} Qe7 {[%clk 1:26:44]} 12. c3 {[%clk 1:19:25]} Nf6 {[%clk 1:26:05]} 13.
Bd3 {[%clk 1:17:56]} c5 {[%clk 1:04:09]} 14. O-O {[%clk 1:06:58]} O-O {[%clk
1:03:14]} 15. Rae1 {[%clk 1:02:23]} Rac8 {[%clk 0:51:53]} 16. d5 {[%clk
0:59:47]} exd5 {[%clk 0:42:56]} 17. exd5 {[%clk 0:58:04]} Qd7 {[%clk 0:42:02]}
18. f4 {[%clk 0:54:18]} Ng4 {[%clk 0:33:39]} 19. f5 {[%clk 0:51:21]} Ne5 {[%clk
0:31:18]} 20. Be4 {[%clk 0:43:09]} Nbc4 {[%clk 0:29:16]} 21. Qc2 {[%clk
0:41:29]} Nxe3 {[%clk 0:24:23]} 22. Rxe3 {[%clk 0:41:14]} Qe8 23. Nxh5 {[%clk
0:29:11]} gxh5 {[%clk 0:10:59]} 24. f6 {[%clk 0:29:04]} Ng6 {[%clk 0:05:47]}
25. fxg7 {[%clk 0:28:16]} Kxg7 {[%clk 0:06:01]} 26. Qe2 {[%clk 0:17:25]} Ne5
{[%clk 0:03:18]} 27. Qxh5 {[%clk 0:17:10]} Rh8 {[%clk 0:03:42]} 28. Ne6+ {[%clk
0:17:01]} 1-0

[Event "DVM U14 2019"]
[Site "Magdeburg GER"]
[Date "2019.12.30"]
[Round "7"]
[White "Reichmann, Felix"]
[Black "Stockmann, Till"]
[Result "0-1"]
[Termination "normal"]
[Board "2.2"]
[WhiteElo "1791"]
[BlackElo "1894"]
[WhiteClock "00:24:24"]
[BlackClock "00:49:23"]
[WhiteTeam "Schachfreunde Nordost Berlin"]
[BlackTeam "Schachzwerge Magdeburg"]
[PlyCount "90"]
[WhiteFideId "16238290"]
[BlackFideId "12979341"]
[EventCountry "GER"]
[EventRounds "7"]
[EventType "team-swiss"]
[EventDate "2019.12.26"]

1. c4 {[%clk 1:30:59]} e5 {[%clk 1:30:49]} 2. g3 {[%clk 1:31:14]} Nf6 {[%clk
1:31:03]} 3. Bg2 {[%clk 1:31:40]} d5 {[%clk 1:31:07]} 4. cxd5 {[%clk 1:32:06]}
Nxd5 {[%clk 1:31:30]} 5. Nc3 {[%clk 1:32:33]} Nb6 {[%clk 1:31:43]} 6. Nf3
{[%clk 1:32:43]} Nc6 {[%clk 1:32:00]} 7. O-O {[%clk 1:33:09]} Be7 {[%clk
1:31:59]} 8. b3 {[%clk 1:33:26]} O-O {[%clk 1:31:07]} 9. Bb2 {[%clk 1:33:50]}
Be6 {[%clk 1:30:34]} 10. Rc1 {[%clk 1:26:30]} f5 {[%clk 1:29:13]} 11. d3 {[%clk
1:24:40]} Bf6 {[%clk 1:27:43]} 12. Nd2 {[%clk 1:20:55]} Nd5 {[%clk 1:24:31]}
13. Nc4 {[%clk 1:18:21]} Nxc3 {[%clk 1:19:40]} 14. Bxc3 {[%clk 1:18:36]} Bd5
{[%clk 1:19:54]} 15. Bxd5+ {[%clk 0:55:20]} Qxd5 {[%clk 1:20:12]} 16. Ne3
{[%clk 0:55:33]} Qe6 {[%clk 1:19:03]} 17. Nc2 {[%clk 0:46:34]} Rad8 {[%clk
1:18:02]} 18. Qd2 {[%clk 0:46:27]} Ne7 {[%clk 1:12:18]} 19. b4 {[%clk 0:44:50]}
Nd5 {[%clk 1:10:02]} 20. Bb2 {[%clk 0:40:17]} f4 {[%clk 1:05:17]} 21. f3 {[%clk
0:20:46]} Bg5 {[%clk 1:02:08]} 22. g4 {[%clk 0:20:46]} h5 {[%clk 1:00:47]} 23.
h3 {[%clk 0:20:25]} Qh6 {[%clk 0:56:41]} 24. Kg2 {[%clk 0:18:55]} e4 {[%clk
0:56:41]} 25. Qe1 {[%clk 0:18:23]} exd3 {[%clk 0:52:47]} 26. exd3 {[%clk
0:18:42]} Rfe8 {[%clk 0:49:29]} 27. Qf2 {[%clk 0:17:56]} Qa6 {[%clk 0:46:50]}
28. Rfd1 {[%clk 0:10:17]} Qxa2 {[%clk 0:45:02]} 29. Bd4 {[%clk 0:09:48]} Ne3+
{[%clk 0:44:00]} 30. Bxe3 {[%clk 0:09:41]} fxe3 {[%clk 0:44:22]} 31. Qe2 {[%clk
0:10:01]} Qf7 {[%clk 0:43:18]} 32. Ne1 {[%clk 0:08:45]} Qf4 {[%clk 0:38:52]}
33. Rc4 {[%clk 0:09:00]} Rd4 {[%clk 0:39:13]} 34. Qa2 {[%clk 0:08:47]} Kh8
{[%clk 0:39:06]} 35. Qa4 {[%clk 0:07:09]} Red8 {[%clk 0:38:31]} 36. Rxd4 {[%clk
0:07:17]} Qxd4 {[%clk 0:38:09]} 37. Qb5 {[%clk 0:06:46]} Qf4 {[%clk 0:37:05]}
38. h4 {[%clk 0:05:08]} Bxh4 {[%clk 0:34:42]} 39. Qxh5+ {[%clk 0:05:27]} Qh6
{[%clk 0:35:09]} 40. Qe5 {[%clk 0:05:07]} Qf6 {[%clk 0:27:53]} 41. Qxe3 {[%clk
0:03:54]} Qc6 {[%clk 0:23:17]} 42. Rc1 {[%clk 0:30:13]} Re8 {[%clk 0:52:01]}
43. Qd2 {[%clk 0:29:39]} Qd6 {[%clk 0:50:06]} 44. f4 {[%clk 0:29:13]} Qe6
{[%clk 0:49:59]} 45. Kf1 {[%clk 0:24:24]} Qxg4 {[%clk 0:49:23]} 0-1

[Event "DVM U14 2019"]
[Site "Magdeburg GER"]
[Date "2019.12.30"]
[Round "7"]
[White "Morgenstern, Tobias"]
[Black "Beck, Felix"]
[Result "1/2-1/2"]
[Termination "normal"]
[Board "2.3"]
[WhiteElo "1943"]
[BlackElo "1508"]
[WhiteClock "00:29:28"]
[BlackClock "00:15:05"]
[WhiteTeam "Schachzwerge Magdeburg"]
[BlackTeam "Schachfreunde Nordost Berlin"]
[PlyCount "62"]
[WhiteFideId "12974390"]
[BlackFideId "16255364"]
[EventCountry "GER"]
[EventRounds "7"]
[EventType "team-swiss"]
[EventDate "2019.12.26"]

1. e4 {[%clk 1:30:55]} c6 {[%clk 1:30:54]} 2. d4 {[%clk 1:31:13]} d5 {[%clk
1:31:14]} 3. Nd2 {[%clk 1:31:35]} dxe4 {[%clk 1:31:17]} 4. Nxe4 {[%clk
1:31:58]} Bf5 {[%clk 1:31:19]} 5. Ng3 {[%clk 1:32:23]} Bg6 {[%clk 1:31:04]} 6.
Nf3 {[%clk 1:32:40]} Nd7 {[%clk 1:29:56]} 7. Bc4 {[%clk 1:32:46]} e6 {[%clk
1:27:46]} 8. O-O {[%clk 1:32:55]} Ngf6 {[%clk 1:19:32]} 9. Nh4 {[%clk 1:32:23]}
Be7 {[%clk 1:17:13]} 10. Nxg6 {[%clk 1:32:37]} hxg6 {[%clk 1:17:36]} 11. Re1
{[%clk 1:32:28]} Nd5 {[%clk 1:07:32]} 12. Ne4 {[%clk 1:26:18]} Qc7 {[%clk
0:54:36]} 13. g3 {[%clk 1:25:00]} N7f6 {[%clk 0:49:50]} 14. Qf3 {[%clk
1:17:22]} Nxe4 {[%clk 0:49:19]} 15. Rxe4 {[%clk 1:11:59]} Bf6 {[%clk 0:45:29]}
16. Qb3 {[%clk 1:03:02]} Rd8 {[%clk 0:41:31]} 17. Bf1 {[%clk 0:53:04]} Qb6
{[%clk 0:36:59]} 18. Qxb6 {[%clk 0:46:38]} Nxb6 {[%clk 0:37:09]} 19. c3 {[%clk
0:47:02]} Be7 {[%clk 0:33:12]} 20. a4 {[%clk 0:42:17]} c5 {[%clk 0:30:51]} 21.
Be3 {[%clk 0:33:58]} Nd5 {[%clk 0:28:42]} 22. Bb5+ {[%clk 0:32:40]} Kf8 {[%clk
0:28:56]} 23. dxc5 {[%clk 0:32:02]} Nxe3 {[%clk 0:28:28]} 24. Rxe3 {[%clk
0:32:05]} Bxc5 {[%clk 0:28:51]} 25. Rd3 {[%clk 0:31:48]} Rxd3 {[%clk 0:28:36]}
26. Bxd3 {[%clk 0:32:09]} Ke7 {[%clk 0:28:36]} 27. Be4 {[%clk 0:30:17]} b6
{[%clk 0:27:50]} 28. Rd1 {[%clk 0:29:06]} Rd8 {[%clk 0:27:19]} 29. Rxd8 {[%clk
0:28:40]} Kxd8 {[%clk 0:27:43]} 30. Kf1 {[%clk 0:29:04]} Ke7 {[%clk 0:27:52]}
31. Ke2 {[%clk 0:29:28]} a5 {[%clk 0:15:05]} 1/2-1/2

[Event "DVM U14 2019"]
[Site "Magdeburg GER"]
[Date "2019.12.30"]
[Round "7"]
[White "Frank, Marek"]
[Black "Berresheim, Nils"]
[Result "0-1"]
[Termination "normal"]
[Board "3.3"]
[WhiteElo "1430"]
[BlackElo "1509"]
[WhiteClock "00:29:30"]
[BlackClock "00:28:53"]
[WhiteTeam "ESV Gera"]
[BlackTeam "SF Katernberg"]
[PlyCount "88"]
[WhiteFideId "16239520"]
[BlackFideId "16246306"]
[EventCountry "GER"]
[EventRounds "7"]
[EventType "team-swiss"]
[EventDate "2019.12.26"]

1. c4 {[%clk 1:30:51]} e5 {[%clk 1:30:43]} 2. g3 {[%clk 1:30:42]} Nf6 {[%clk
1:30:49]} 3. Bg2 {[%clk 1:31:03]} Nc6 {[%clk 1:30:52]} 4. a3 {[%clk 1:30:09]}
a6 {[%clk 1:28:12]} 5. Nc3 {[%clk 1:29:24]} Bc5 {[%clk 1:27:22]} 6. e3 {[%clk
1:29:27]} O-O {[%clk 1:25:32]} 7. Nge2 {[%clk 1:29:39]} h6 {[%clk 1:17:49]} 8.
O-O {[%clk 1:28:19]} d6 {[%clk 1:17:48]} 9. Qc2 {[%clk 1:22:23]} Ba7 {[%clk
1:12:16]} 10. b4 {[%clk 1:17:44]} Bg4 {[%clk 1:07:58]} 11. d3 {[%clk 1:11:47]}
Qd7 {[%clk 1:05:54]} 12. b5 {[%clk 1:05:56]} axb5 13. cxb5 {[%clk 1:05:13]} Nd8
{[%clk 1:03:39]} 14. a4 {[%clk 0:47:29]} Bh3 {[%clk 1:01:21]} 15. Rd1 {[%clk
0:46:25]} Bxg2 {[%clk 1:01:00]} 16. Kxg2 {[%clk 0:46:49]} Ne6 {[%clk 1:00:48]}
17. Ba3 {[%clk 0:41:17]} Ng5 {[%clk 0:56:50]} 18. Ng1 {[%clk 0:40:51]} Rfe8
{[%clk 0:48:58]} 19. h4 {[%clk 0:37:13]} Ne6 {[%clk 0:48:12]} 20. Nf3 {[%clk
0:33:32]} Ng4 {[%clk 0:46:31]} 21. Qe2 {[%clk 0:31:03]} f5 {[%clk 0:42:14]} 22.
Nh2 {[%clk 0:24:27]} Nxh2 {[%clk 0:40:12]} 23. Kxh2 {[%clk 0:24:50]} f4 {[%clk
0:39:27]} 24. Rab1 {[%clk 0:17:17]} Rf8 {[%clk 0:33:17]} 25. Nd5 {[%clk
0:13:54]} Bb8 {[%clk 0:24:22]} 26. Rb4 {[%clk 0:11:28]} fxg3+ {[%clk 0:21:34]}
27. fxg3 {[%clk 0:11:49]} Nc5 {[%clk 0:20:47]} 28. d4 {[%clk 0:06:53]} Ne4
{[%clk 0:16:57]} 29. Rf1 {[%clk 0:05:38]} Rxf1 {[%clk 0:16:23]} 30. Qxf1 {[%clk
0:06:01]} Qe6 {[%clk 0:15:53]} 31. Qc4 {[%clk 0:04:54]} Kh8 {[%clk 0:14:28]}
32. dxe5 {[%clk 0:03:01]} Nd2 {[%clk 0:13:10]} 33. Qa2 {[%clk 0:03:18]} Nf1+
34. Kg2 {[%clk 0:03:22]} Nxe3+ {[%clk 0:13:23]} 35. Kh2 {[%clk 0:02:44]} Qxd5
{[%clk 0:12:12]} 36. Qe2 {[%clk 0:01:05]} Ba7 {[%clk 0:09:13]} 37. b6 {[%clk
0:01:22]} Bxb6 {[%clk 0:09:11]} 38. Rxb6 {[%clk 0:01:31]} cxb6 {[%clk 0:09:09]}
39. Qxe3 {[%clk 0:01:55]} dxe5 {[%clk 0:08:37]} 40. Qf2 {[%clk 0:00:48]} Rd8
{[%clk 0:07:49]} 41. Kh3 {[%clk 0:00:44]} Qe6+ {[%clk 0:05:37]} 42. Kh2 {[%clk
0:00:31]} e4 {[%clk 0:05:38]} 43. Bc1 {[%clk 0:00:32]} Ra8 {[%clk 0:28:53]} 44.
Bb2 {[%clk 0:29:30]} e3 0-1

[Event "DVM U14 2019"]
[Site "Magdeburg GER"]
[Date "2019.12.30"]
[Round "7"]
[White "Yin, Haode"]
[Black "Eilenberg, Jonas"]
[Result "0-1"]
[Termination "normal"]
[Board "4.1"]
[WhiteElo "1747"]
[BlackElo "2112"]
[WhiteTeam "SchachAkademiePaderborn e. V."]
[BlackTeam "SV Königsjäger Süd-West e.V."]
[PlyCount "64"]
[WhiteFideId "16261348"]
[BlackFideId "16204271"]
[EventCountry "GER"]
[EventRounds "7"]
[EventType "team-swiss"]
[EventDate "2019.12.26"]

1. d4 d5 2. Nf3 e6 3. g3 b5 4. Bg2 Bb7 5. O-O Nf6 6. Nbd2 Nbd7 7. c3 Be7 8. Qc2
O-O 9. a3 c5 10. Re1 Rc8 11. dxc5 Bxc5 12. Nb3 Bb6 13. Qb1 Ne4 14. e3 Qf6 15.
Re2 Ba6 16. Rc2 b4 17. axb4 Bd3 18. Bf1 Bxc2 19. Qxc2 Qxf3 20. Bg2 Qf6 21. Bxe4
dxe4 22. Qxe4 Rfd8 23. Nd4 Ne5 24. Kg2 Nc4 25. b3 Nd6 26. Qc2 e5 27. Nf3 e4 28.
Nd4 Bxd4 29. exd4 Qf3+ 30. Kg1 Rxc3 31. Qd2 Rd3 32. Qe1 Rd1 0-1

[Event "DVM U14 2019"]
[Site "Magdeburg GER"]
[Date "2019.12.30"]
[Round "7"]
[White "Abed, Karim"]
[Black "Nourzad, Shayan"]
[Result "0-1"]
[Termination "normal"]
[Board "4.2"]
[WhiteElo "1513"]
[BlackElo "1782"]
[WhiteTeam "SV Königsjäger Süd-West e.V."]
[BlackTeam "SchachAkademiePaderborn e. V."]
[PlyCount "82"]
[WhiteFideId "16242785"]
[BlackFideId "16274890"]
[EventCountry "GER"]
[EventRounds "7"]
[EventType "team-swiss"]
[EventDate "2019.12.26"]

1. d4 d5 2. c4 e5 3. e3 exd4 4. exd4 Nf6 5. Nc3 Be7 6. Nf3 O-O 7. cxd5 Nxd5 8.
Be2 Nc6 9. O-O h6 10. Re1 Be6 11. Bb5 a6 12. Bxc6 bxc6 13. a3 Re8 14. Be3 Rb8
15. Rb1 Qc8 16. Ne5 Qb7 17. h3 Bf5 18. Nxd5 cxd5 19. Rc1 Bd6 20. Nc6 Rbc8 21.
b4 Bd7 22. Qc2 Ra8 23. Na5 Qb6 24. Qb3 c6 25. Rc3 f5 26. Rd1 f4 27. Bc1 Re4 28.
Qc2 Rc8 29. Qd3 Bf5 30. Qd2 Qb5 31. Bb2 Re2 32. Qc1 Kh7 33. Re1 Be4 34. Rxe2
Qxe2 35. Nxc6 f3 36. gxf3 Rf8 37. Re3 Bh2+ 38. Kxh2 Qxf2+ 39. Kh1 Bxf3+ 40.
Rxf3 Rxf3 41. Qb1+ Kh8 0-1

[Event "DVM U14 2019"]
[Site "Magdeburg GER"]
[Date "2019.12.30"]
[Round "7"]
[White "Rohm, Linus"]
[Black "Boissel, Kasimir"]
[Result "0-1"]
[Termination "normal"]
[Board "4.3"]
[WhiteElo "1525"]
[BlackElo "1638"]
[WhiteTeam "SchachAkademiePaderborn e. V."]
[BlackTeam "SV Königsjäger Süd-West e.V."]
[PlyCount "72"]
[WhiteFideId "16298217"]
[BlackFideId "16298209"]
[EventCountry "GER"]
[EventRounds "7"]
[EventType "team-swiss"]
[EventDate "2019.12.26"]

1. d4 d5 2. Nf3 c6 3. g3 Nf6 4. Bg2 Bf5 5. O-O e6 6. c4 Nbd7 7. Qb3 Qc8 8. Nc3
Bd6 9. Bd2 h6 10. Rac1 Ne4 11. cxd5 Nxc3 12. Qxc3 exd5 13. Nh4 Be6 14. e4 dxe4
15. Bxe4 Nf6 16. Bg2 O-O 17. Rfe1 Nd5 18. Qc2 Bb4 19. a3 Bxd2 20. Qxd2 Qd8 21.
Nf3 Nb6 22. Ne5 Qd6 23. Bf1 Rad8 24. Red1 Rfe8 25. Nc4 Nxc4 26. Bxc4 Bg4 27.
Re1 Rxe1+ 28. Rxe1 Bh5 29. Re4 g5 30. Qe3 Rd7 31. Re8+ Kg7 32. Qe5+ Qxe5 33.
dxe5 Bf3 34. e6 Rd1+ 35. Bf1 fxe6 36. Rxe6 Bg4 0-1

[Event "DVM U14 2019"]
[Site "Magdeburg GER"]
[Date "2019.12.30"]
[Round "7"]
[White "Korek, Jakob Alexander"]
[Black "Gering, Jakob"]
[Result "1-0"]
[Termination "normal"]
[Board "4.4"]
[WhiteElo "1656"]
[BlackElo "1311"]
[WhiteTeam "SV Königsjäger Süd-West e.V."]
[BlackTeam "SchachAkademiePaderborn e. V."]
[PlyCount "115"]
[WhiteFideId "16240022"]
[BlackFideId "16298225"]
[EventCountry "GER"]
[EventRounds "7"]
[EventType "team-swiss"]
[EventDate "2019.12.26"]

1. d4 d5 2. c4 dxc4 3. e4 e5 4. dxe5 Qxd1+ 5. Kxd1 Nc6 6. Bxc4 Nxe5 7. Bb5+ c6
8. Be2 Nf6 9. f3 Bc5 10. Nc3 Be6 11. Bg5 Rd8+ 12. Kc2 Nc4 13. Bxc4 Bxc4 14. Rd1
O-O 15. b3 Ba6 16. Nh3 h6 17. Bxf6 gxf6 18. Nf4 Kg7 19. Nd3 Bb6 20. Nb4 Bb5 21.
a4 Ba6 22. Nxa6 bxa6 23. Rxd8 Rxd8 24. Rd1 Rxd1 25. Nxd1 Bc7 26. g3 Kg6 27. Ne3
h5 28. Nf5 Bb6 29. Ne7+ Kg7 30. Nxc6 Bg1 31. h3 Bh2 32. Ne7 Kf8 33. Nf5 Kg8 34.
Kd3 a5 35. Kc4 Bg1 36. Kb5 Bb6 37. Ne7+ Kg7 38. Nc8 Bf2 39. g4 hxg4 40. hxg4
Kg6 41. f4 Be3 42. Ne7+ Kh7 43. Nd5 Bd4 44. Kxa5 Kg8 45. b4 Kf8 46. b5 Ke8 47.
b6 axb6+ 48. Nxb6 Kd8 49. Kb5 Kc7 50. Nd5+ Kb7 51. a5 Ka7 52. a6 Ka8 53. Nb6+
Bxb6 54. Kxb6 Kb8 55. g5 fxg5 56. fxg5 Ka8 57. a7 f5 58. g6 1-0

[Event "DVM U14 2019"]
[Site "Magdeburg GER"]
[Date "2019.12.30"]
[Round "7"]
[White "Hetzner, Hannes"]
[Black "Gallasch, Jonas"]
[Result "1/2-1/2"]
[Termination "normal"]
[Board "5.1"]
[WhiteElo "2000"]
[BlackElo "2107"]
[WhiteTeam "SC Erlangen 48/88"]
[BlackTeam "Schachgemeinschaft Porz e. V."]
[PlyCount "132"]
[WhiteFideId "16211936"]
[BlackFideId "16222474"]
[EventCountry "GER"]
[EventRounds "7"]
[EventType "team-swiss"]
[EventDate "2019.12.26"]

1. e4 c6 2. d4 d5 3. e5 c5 4. dxc5 e6 5. a3 Nc6 6. Nf3 Bxc5 7. b4 Bb6 8. Bb2
Nge7 9. Bd3 Ng6 10. g3 O-O 11. O-O f6 12. Qe2 Ncxe5 13. Nxe5 Nxe5 14. Bxe5 fxe5
15. Qxe5 Qf6 16. Qxf6 Rxf6 17. Nd2 e5 18. Kg2 e4 19. Be2 Bf5 20. c4 d4 21. c5
Bc7 22. Bc4+ Be6 23. Rac1 Bxc4 24. Rxc4 e3 25. fxe3 dxe3 26. Rxf6 gxf6 27. Ne4
Kg7 28. Kf3 Re8 29. Nc3 f5 30. Rd4 Be5 31. Rd7+ Kf6 32. Ne2 Re7 33. Rd3 b6 34.
cxb6 axb6 35. Rxe3 Ra7 36. Nc3 Bxc3 37. Rxc3 Ke5 38. Ke3 Ra8 39. Kf3 Ra7 40.
Re3+ Kf6 41. Kf4 Rc7 42. h3 h5 43. h4 Rc2 44. Kf3 b5 45. Rb3 Ke5 46. Re3+ Kf6
47. Rd3 Ke5 48. Rd8 Rc3+ 49. Kg2 Rxa3 50. Rb8 Ra2+ 51. Kh3 Rb2 52. Rxb5+ Ke4
53. Rb8 Rb3 54. Re8+ Kd4 55. Rh8 f4 56. Rxh5 Rxg3+ 57. Kh2 Rg4 58. b5 f3 59. b6
f2 60. Rf5 Rxh4+ 61. Kg3 Rh7 62. Kxf2 Rb7 63. Rb5 Kc4 64. Rb2 Kc5 65. Ke3 Rxb6
66. Rxb6 Kxb6 1/2-1/2

[Event "DVM U14 2019"]
[Site "Magdeburg GER"]
[Date "2019.12.30"]
[Round "7"]
[White "Sabirov, Rafael"]
[Black "Högner, Tom"]
[Result "0-1"]
[Termination "normal"]
[Board "5.2"]
[WhiteElo "1668"]
[BlackElo "1768"]
[WhiteTeam "Schachgemeinschaft Porz e. V."]
[BlackTeam "SC Erlangen 48/88"]
[PlyCount "118"]
[WhiteFideId "16241185"]
[BlackFideId "12995436"]
[EventCountry "GER"]
[EventRounds "7"]
[EventType "team-swiss"]
[EventDate "2019.12.26"]

1. e4 e5 2. Nf3 Nc6 3. Bb5 Nf6 4. d3 Bc5 5. O-O d6 6. h3 Bd7 7. c3 a6 8. Ba4 b5
9. Bc2 h6 10. Re1 Ba7 11. Nbd2 O-O 12. Nf1 Ne7 13. d4 Ng6 14. Ng3 c5 15. Be3
Qc7 16. Rc1 Rfd8 17. Nh2 Qc8 18. Rf1 Nh4 19. Nh5 Nh7 20. Ng4 Bxg4 21. hxg4 cxd4
22. cxd4 exd4 23. Bf4 Ng6 24. Bh2 Ne5 25. Nf4 Nxg4 26. Nd5 Qd7 27. Bg3 Nhf6 28.
Nxf6+ Nxf6 29. Qd3 Re8 30. Rfe1 g6 31. Bf4 Kh7 32. Qf3 Rad8 33. Bxh6 Ng4 34.
Bf4 d3 35. Bxd3 Bxf2+ 36. Kf1 Bxe1 37. Rxe1 Kg7 38. Bg3 Ne5 39. Qe3 Nxd3 40.
Qxd3 Qe6 41. Kg1 Re7 42. Bh4 f6 43. e5 g5 44. exd6 Qxd6 45. Qxd6 Rxe1+ 46. Bxe1
Rxd6 47. Bc3 Kf7 48. Kf2 Ke6 49. Kf3 f5 50. Ke3 Kd5 51. b3 Rc6 52. Bd2 Rc2 53.
Bb4 Rxa2 54. Be7 Rxg2 55. Kf3 Rg4 56. b4 Rf4+ 57. Kg3 Ke6 58. Bc5 Kd5 59. Be7
Kc4 0-1

[Event "DVM U14 2019"]
[Site "Magdeburg GER"]
[Date "2019.12.30"]
[Round "7"]
[White "Wu, Wilfried"]
[Black "Kogan, Gabriel"]
[Result "0-1"]
[Termination "normal"]
[Board "5.3"]
[WhiteElo "1476"]
[BlackElo "1527"]
[WhiteTeam "SC Erlangen 48/88"]
[BlackTeam "Schachgemeinschaft Porz e. V."]
[PlyCount "56"]
[WhiteFideId "16260775"]
[BlackFideId "16238265"]
[EventCountry "GER"]
[EventRounds "7"]
[EventType "team-swiss"]
[EventDate "2019.12.26"]

1. e4 e5 2. Nf3 Nc6 3. Bc4 Bc5 4. d3 Nf6 5. O-O d6 6. h3 h6 7. Be3 Bb6 8. Nc3
O-O 9. Re1 Na5 10. Bb3 Nxb3 11. axb3 Bxe3 12. Rxe3 c6 13. Qd2 Nh5 14. d4 Qf6
15. dxe5 dxe5 16. Rd1 Be6 17. Qd6 Qg6 18. Nxe5 Qg5 19. Nf3 Qg6 20. Qh2 Rad8 21.
Red3 Rxd3 22. Rxd3 Re8 23. Rd6 Nf6 24. Nd2 Qg5 25. f4 Qc5+ 26. Kf1 Qxd6 27. e5
Qxd2 28. exf6 Bc4+ 0-1

[Event "DVM U14 2019"]
[Site "Magdeburg GER"]
[Date "2019.12.30"]
[Round "7"]
[White "Laudwein, Jakob"]
[Black "Gilbert, Tim"]
[Result "1-0"]
[Termination "normal"]
[Board "5.4"]
[WhiteElo "1612"]
[BlackElo "1660"]
[WhiteTeam "Schachgemeinschaft Porz e. V."]
[BlackTeam "SC Erlangen 48/88"]
[PlyCount "107"]
[WhiteFideId "16258487"]
[BlackFideId "16269527"]
[EventCountry "GER"]
[EventRounds "7"]
[EventType "team-swiss"]
[EventDate "2019.12.26"]

1. d4 d5 2. c4 e6 3. Nc3 Nf6 4. Bg5 Be7 5. Nf3 O-O 6. e3 Nbd7 7. cxd5 exd5 8.
Bd3 h6 9. Bh4 c6 10. O-O Re8 11. Qc2 Qc7 12. Bg3 Bd6 13. Bxd6 Qxd6 14. h3 c5
15. dxc5 Nxc5 16. Rfd1 b6 17. b4 Nxd3 18. Qxd3 Bb7 19. a3 Rad8 20. Rac1 Qe7 21.
Qe2 Ne4 22. Nxe4 dxe4 23. Nd4 Rc8 24. Qb2 Qe5 25. Rxc8 Rxc8 26. Rc1 Rc7 27.
Rxc7 Qxc7 28. Nf5 f6 29. Qb3+ Kh7 30. Qb1 Qe5 31. Nd4 Kh8 32. Qc2 Qe7 33. Nf5
Qe5 34. Nd4 Qe7 35. Qc4 Kh7 36. Qe6 Qxe6 37. Nxe6 Kg6 38. Nd4 a6 39. Kf1 f5 40.
Ke2 Bd5 41. f3 Kf6 42. Kd2 Ke5 43. f4+ Kf6 44. Ke2 g5 45. g3 gxf4 46. gxf4 h5
47. h4 b5 48. Kd2 Be6 49. Nc6 Bd5 50. Nb8 Bb7 51. Nd7+ Ke6 52. Nc5+ Kd5 53.
Nxb7 Kc4 54. Kc2 1-0

[Event "DVM U14 2019"]
[Site "Magdeburg GER"]
[Date "2019.12.30"]
[Round "7"]
[White "Nied, Pascal"]
[Black "Halabi, Ibrahim"]
[Result "1-0"]
[Termination "normal"]
[Board "6.1"]
[WhiteElo "1717"]
[BlackElo "1918"]
[WhiteTeam "SC Untergrombach 46"]
[BlackTeam "SK Frankenthal"]
[PlyCount "83"]
[WhiteFideId "16260597"]
[BlackFideId "16241754"]
[EventCountry "GER"]
[EventRounds "7"]
[EventType "team-swiss"]
[EventDate "2019.12.26"]

1. e4 c5 2. Nf3 d6 3. d4 cxd4 4. Nxd4 Nf6 5. Nc3 a6 6. Be2 e5 7. Nb3 Be7 8. Bg5
Be6 9. Bxf6 Bxf6 10. Nd5 Bg5 11. a4 O-O 12. O-O Nd7 13. a5 Rc8 14. c3 Nf6 15.
Nb6 Rc6 16. Bf3 Nd7 17. Nd5 Qc8 18. g3 Bxd5 19. Qxd5 Nf6 20. Qd3 Qe6 21. Nc1
Rd8 22. Rd1 Rc5 23. b4 Rc7 24. Ne2 Qc4 25. Bg2 Qe6 26. f4 exf4 27. gxf4 Bh4 28.
h3 Nh5 29. Qf3 g6 30. Rd3 Bf6 31. Rad1 Rcd7 32. Qg4 Bg7 33. e5 f5 34. Qxh5 gxh5
35. Bd5 Kf7 36. Bxe6+ Kxe6 37. Nd4+ Ke7 38. Nxf5+ Ke6 39. Rxd6+ Rxd6 40. Rxd6+
Kxf5 41. Rxd8 Kxf4 42. e6 1-0